[Event "GER CupT 1920 prel1"]
[Site "Merseburg"]
[Date "2020.01.12"]
[Round "2.2"]
[White "Nguyen, Alex Dac Vuong"]
[Black "Sukaylo, Aleksey"]
[Result "1-0"]
[WhiteElo "2153"]
[BlackElo "2109"]
[PlyCount "85"]
[EventDate "2020.01.11"]
[EventType "team-k.o."]
[EventRounds "2"]
[EventCountry "GER"]
[SourceTitle "EXT 2021"]
[Source "ChessBase"]
[SourceDate "2020.10.23"]
[SourceVersion "1"]
[SourceVersionDate "2020.10.23"]
[SourceQuality "1"]
[WhiteTeam "Leipzig SG"]
[BlackTeam "Ilmenau"]
[WhiteTeamCountry "GER"]
[BlackTeamCountry "GER"]

1. e4 e5 2. Nf3 Nc6 3. Bb5 a6 4. Ba4 Nf6 5. 0-0 Be7 6. Re1 b5 7. Bb3 0-0 8. h3 d6 9. c3 Na5 10. Bc2 c5 11. d4 Qc7 12. Nbd2 exd4 13. cxd4 Nc6 14. d5 Ne5 15. a4 Rb8 16. Nxe5 dxe5 17. b3 Bd7 18. axb5 axb5 19. Qe2 Rfc8 20. Bd3 g6 21. Qf1 Nh5 22. g3 Qb7 23. Nf3 f6 24. Be3 Ra8 25. Kh2 Ng7 26. Rec1 Rxa1 27. Rxa1 Bd6 28. Ra2 f5 29. Qa1 fxe4 30. Bxe4 Bf5 31. Ra7 Qb6 32. Bh6 Ne8 33. Ra6 Qb8 34. Bxf5 gxf5 35. Qc1 e4 36. Qg5+ Kh8 37. Nh4 f4 38. gxf4 c4 39. Nf5 Bxf4+ 40. Qxf4 Qxf4+ 41. Bxf4 cxb3 42. Ra7 Kg8 43. Nh6+ 1-0

[Event "Bad Zwesten op 16th"]
[Site "Bad Zwesten"]
[Date "2013.01.05"]
[Round "6"]
[White "Braun, Ingram H"]
[Black "Sukaylo, Aleksey"]
[Result "1/2-1/2"]
[WhiteElo "1972"]
[BlackElo "2010"]
[PlyCount "44"]
[EventDate "2013.01.02"]
[EventType "swiss"]
[EventRounds "7"]
[EventCountry "GER"]
[SourceTitle "CBM 152 Extra"]
[Source "ChessBase"]
[SourceDate "2013.02.25"]
[SourceVersion "1"]
[SourceVersionDate "2013.02.25"]
[SourceQuality "1"]

1. e4 e5 2. Nc3 Nf6 3. g3 d5 4. exd5 Nxd5 5. Bg2 Nxc3 6. bxc3 Bd6 7. Nf3 Nc6 8. 0-0 0-0 9. Re1 Bg4 10. d4 Re8 11. Qd3 exd4 12. Rxe8+ Qxe8 13. cxd4 Qd7 14. Bb2 Nb4 15. Qd2 Bf5 16. c4 Rd8 17. Bc3 Nc6 18. d5 Nb8 19. Qd4 f6 20. Re1 b6 21. Qe3 Na6 22. Nd4 Bc5 1/2-1/2

[Event "Bad Zwesten op 16th"]
[Site "Bad Zwesten"]
[Date "2013.01.03"]
[Round "3"]
[White "Sukaylo, Aleksey"]
[Black "Schnegelsberg, Karl Heinz"]
[Result "1-0"]
[WhiteElo "2010"]
[BlackElo "2074"]
[PlyCount "131"]
[EventDate "2013.01.02"]
[EventType "swiss"]
[EventRounds "7"]
[EventCountry "GER"]
[SourceTitle "CBM 152 Extra"]
[Source "ChessBase"]
[SourceDate "2013.02.25"]
[SourceVersion "1"]
[SourceVersionDate "2013.02.25"]
[SourceQuality "1"]

1. e4 e6 2. d4 d5 3. Nc3 Bb4 4. e5 c5 5. a3 Bxc3+ 6. bxc3 Ne7 7. Qg4 cxd4 8. Qxg7 Rg8 9. Qxh7 Qc7 10. Ne2 Nbc6 11. Bf4 Bd7 12. Qd3 dxc3 13. Qxc3 Rc8 14. g3 Ng6 15. Bg2 Ncxe5 16. Qxc7 Rxc7 17. Kd2 Nc4+ 18. Kd1 Nb2+ 19. Kd2 e5 20. Bg5 Nc4+ 21. Kd1 Ba4 22. Nc3 Nb2+ 23. Kd2 Bc6 24. Bxd5 Rd7 25. Kc1 Nd3+ 26. cxd3 Bxd5 27. Nxd5 Rxd5 28. Kb2 Kd7 29. Rhd1 Nf8 30. h4 Ne6 31. Be3 f5 32. Kc2 Rc8+ 33. Kd2 f4 34. Bxa7 Ra8 35. Bb6 Ra6 36. Rab1 Rd6 37. gxf4 Rdxb6 38. fxe5 Nf4 39. Rg1 Ke6 40. Rxb6+ Rxb6 41. Ke3 Nd5+ 42. Kd4 Rb5 43. Rg6+ Kf7 44. Rd6 Ne7 45. Rf6+ Kg7 46. f4 Nd5 47. Rf5 Nc7 48. Rg5+ Kf7 49. f5 Ra5 50. e6+ Kf8 51. Ke4 Ne8 52. d4 Nf6+ 53. Kf4 Rxa3 54. Ke5 Ne8 55. d5 Re3+ 56. Kd4 Rh3 57. h5 Ke7 58. Kc5 Kf6 59. Rg8 Rc3+ 60. Kd4 Rc8 61. h6 Nd6 62. Rxc8 Nxc8 63. h7 Kg7 64. Ke5 Kxh7 65. d6 Kg8 66. d7 1-0

[Event "SUI-chB"]
[Site "Flims"]
[Date "2012.07.18"]
[Round "7"]
[White "Gaehwiler, Gabriel"]
[Black "Sukaylo, Aleksey"]
[Result "1-0"]
[WhiteElo "2274"]
[BlackElo "1982"]
[PlyCount "73"]
[EventDate "2012.07.12"]
[EventType "swiss"]
[EventRounds "9"]
[EventCountry "SUI"]
[SourceTitle "CBM 149 Extra"]
[Source "ChessBase"]
[SourceDate "2012.08.24"]
[SourceVersion "1"]
[SourceVersionDate "2012.08.24"]
[SourceQuality "1"]

1. e4 e5 2. Nf3 Nc6 3. Bb5 a6 4. Ba4 Nf6 5. 0-0 Be7 6. Re1 b5 7. Bb3 d6 8. d3 Na5 9. Nbd2 Nxb3 10. axb3 c5 11. Nf1 0-0 12. Bg5 Re8 13. Ng3 g6 14. h3 Bf8 15. Qd2 Bg7 16. Nh2 d5 17. exd5 Qxd5 18. Bxf6 Bxf6 19. Ne4 Bg7 20. Qc3 Bf5 21. Ng4 Bxe4 22. dxe4 Qc6 23. Qf3 f5 24. Ne3 fxe4 25. Qe2 Rad8 26. c4 Rd3 27. Qc2 Red8 28. Nd5 R8xd5 29. cxd5 Qxd5 30. Rxa6 Rxb3 31. Rd6 Rxb2 32. Qxb2 Qxd6 33. Qxb5 Qd5 34. Qe8+ Bf8 35. Ra1 e3 36. fxe3 e4 37. Rf1 1-0

[Event "Arco op 33rd"]
[Site "Arco"]
[Date "2011.10.22"]
[Round "1"]
[White "Sukaylo, Aleksey"]
[Black "Molina, Fabrizio"]
[Result "0-1"]
[WhiteElo "1884"]
[BlackElo "2258"]
[PlyCount "40"]
[EventDate "2011.10.22"]
[EventType "swiss"]
[EventRounds "9"]
[EventCountry "ITA"]
[SourceTitle "EXT 2024"]
[Source "ChessBase"]
[SourceDate "2023.10.10"]
[SourceVersion "1"]
[SourceVersionDate "2023.10.10"]
[SourceQuality "1"]

1. e4 d6 2. d4 Nf6 3. Nc3 Nbd7 4. f4 e5 5. Nf3 exd4 6. Nxd4 g6 7. Be2 Bg7 8. 0-0 0-0 9. Bf3 Re8 10. Nde2 Rb8 11. Be3 b6 12. Ng3 Bb7 13. Bd4 Qe7 14. h4 h5 15. f5 Ne5 16. fxg6 fxg6 17. Be3 Nh7 18. Bxh5 Qxh4 19. Bf2 gxh5 20. Nxh5 Qg4 0-1